Truyền thông đại chúng: Từ thông tin đến quảng cáo

Gardado en:
Detalles Bibliográficos
Autor Principal: Jacques Locquin
Formato: Libro
Idioma:Undetermined
Publicado: H. Thông Tấn
Những chủ đề:
Các nhãn: Engadir etiqueta
Sen Etiquetas, Sexa o primeiro en etiquetar este rexistro!
Thư viện lưu trữ: Trung tâm Học liệu Trường Đại học Cần Thơ
LEADER 00538nam a2200181Ia 4500
001 CTU_59372
008 210402s9999 xx 000 0 und d
020 |b 21000 
082 |a 070.4 
082 |b L811 
100 |a Jacques Locquin 
245 0 |a Truyền thông đại chúng: Từ thông tin đến quảng cáo 
245 0 |c Jacques Locquin 
260 |a H. 
260 |b Thông Tấn 
650 |a information resources management,journalism 
904 |i Minh 
980 |a Trung tâm Học liệu Trường Đại học Cần Thơ